000 01643nam0a2200289 4500
001 RU\NLR\bibl\1326002
005 20260407113251.0
010 _a978-5-59818-7252-5
_9300
035 _a(NLR Aleph) 001311306
090 _a681250
_c681250
100 _a20081124d2008 |||y0rusy50 ca
101 0 _arus
102 _aRU
105 _aa |||||||||
200 1 _aИсследование археологических памятников эпохи средневековья
_e[сборник научных статей]
_fС.-Петерб. гос. ун-т, фак. социологии, НИИ комплекс. соц. исслед., Лаб. археологии, ист. социологии и культур. наследия им. проф. Г.С. Лебедева
_g[отв. ред. А.В. Виноградов]
210 _aСанкт-Петербург
_cНестор-История
_d2008
215 _a138, [1] c.
_cил.
_d25
320 _aБиблиогр. в конце ст.
606 1 _aСредневековая археология
_jСборники
_yРоссия
_yСеверо-Запад
_92531726
_3RU\NLR\auth\661499557
686 _aТ4(2)431.2я43
702 1 _4340
_8rus
_7ca
_aВиноградов
_bА. В.
_cканд. ист. наук
_f1947-
_gАлексей Владимирович
_3RU\NLR\auth\7732294
_915303
712 0 2 _4570
_aСанкт-Петербургский государственный университет
_bФакультет социологии
_3RU\NLR\AUTH\889942835
_9380694
801 0 _aRU
_bNLR
_c20081124
_gRCR
801 1 _aRU
_bNLR
_c20081124
942 _cBOOK
980 _aNB